[Event "VIII Festival B"]
[Site "Amantea ITA"]
[Date "2010.09.04"]
[Round "7"]
[White "De Rasis, Giovanni"]
[Black "Carbone, Edoardo"]
[Result "1/2-1/2"]
[WhiteElo "1866"]
[BlackElo "1614"]
[PlyCount "78"]
[EventDate "2010.08.29"]

1. d4 Nf6 2. c4 e6 3. Nc3 Bb4 4. Bg5 h6 5. Bxf6 Qxf6 6. e4 Bxc3+ 7. bxc3 b6 8.
e5 Qd8 9. Qg4 O-O 10. Qe4 Nc6 11. Bd3 g6 12. h4 f5 13. exf6 Rxf6 14. Qe3 Kg7
15. h5 g5 16. Nf3 Bb7 17. O-O Qf8 18. Rae1 d6 19. Nh2 Nd8 20. d5 e5 21. Qe4 Qh8
22. Ng4 Rf4 23. Qg6+ Kf8 24. Qxh6+ Qxh6 25. Nxh6 Bc8 26. Re4 Kg7 27. Rxf4 gxf4
28. Nf5+ Bxf5 29. Bxf5 Nb7 30. g4 Kh6 31. f3 Rg8 32. Kf2 Kg5 33. Ke2 Rh8 34.
Kd2 Nc5 35. Re1 Nb7 36. Bc2 Nc5 37. a3 Rh6 38. Kc1 Rh8 39. Kd2 Rh6 1/2-1/2

[Event "VIII Festival B"]
[Site "Amantea ITA"]
[Date "2010.09.04"]
[Round "7"]
[White "Grasso, Francesco"]
[Black "Greco, Simone"]
[Result "0-1"]
[WhiteElo "1488"]
[BlackElo "1614"]
[PlyCount "51"]
[EventDate "2010.08.29"]

1. e4 c5 2. Nf3 d6 3. c3 Nf6 4. Bd3 Nc6 5. Bc2 Bg4 6. h3 Bh5 7. d3 h6 8. Ba4
Rb8 9. Bxc6+ bxc6 10. O-O Qb6 11. c4 e6 12. b3 Be7 13. Bb2 Rg8 14. Nbd2 g5 15.
Qe1 e5 16. Nh2 Qb7 17. Nb1 Qd7 18. Nc3 g4 19. hxg4 Nxg4 20. Nxg4 Qxg4 21. g3
Qh3 22. Qe3 Bg5 23. f4 exf4 24. Qf2 fxg3 25. Qg2 Be3+ 26. Rf2 0-1

[Event "VIII Festival B"]
[Site "Amantea ITA"]
[Date "2010.09.04"]
[Round "7"]
[White "Manfroi, Andrea"]
[Black "Scovazzi, Tullio"]
[Result "1-0"]
[WhiteElo "1703"]
[BlackElo "1753"]
[PlyCount "49"]
[EventDate "2010.08.29"]

1. e4 e5 2. Nf3 Nc6 3. Bc4 Be7 4. d4 d6 5. dxe5 Nxe5 6. Nxe5 dxe5 7. Qh5 g6 8.
Qxe5 Nf6 9. Bg5 O-O 10. O-O Re8 11. Qf4 Qd4 12. e5 Qxf4 13. Bxf4 Nh5 14. Bd2
Bf5 15. Bb3 Rad8 16. h3 Ng7 17. Bc3 Rd7 18. Nd2 Red8 19. Nc4 Bc5 20. Na5 c6 21.
Nc4 Ne6 22. Rfe1 Nc7 23. Ne3 Be4 24. Ng4 Re7 25. Nf6+ 1-0

[Event "VIII Festival B"]
[Site "Amantea ITA"]
[Date "2010.09.04"]
[Round "7"]
[White "Mazzuca, Aldo"]
[Black "Palermiti, Francesco"]
[Result "1-0"]
[WhiteElo "1404"]
[BlackElo "1470"]
[PlyCount "83"]
[EventDate "2010.08.29"]

1. e4 c5 2. Nc3 Nc6 3. Bc4 e6 4. d3 a6 5. a3 b5 6. Ba2 Bb7 7. Bf4 Be7 8. Qd2 d6
9. h3 Nf6 10. Nf3 O-O 11. O-O Re8 12. Rae1 h6 13. Ne2 e5 14. Bh2 Qb6 15. Ng3
Bc8 16. Nh4 b4 17. a4 a5 18. Nhf5 Bxf5 19. Nxf5 Nd4 20. Nxd4 cxd4 21. f4 Qc5
22. f5 Nh7 23. Qe2 Bg5 24. Bb3 Qa7 25. Qh5 Nf6 26. Qe2 Rad8 27. Kh1 d5 28. exd5
Nxd5 29. Rf3 f6 30. Qe4 Qb7 31. h4 Be3 32. Bg1 Bxg1 33. Rxg1 Kh8 34. g4 Rb8 35.
Bxd5 Qc8 36. Bc4 Rf8 37. Rh3 Rb6 38. g5 fxg5 39. hxg5 Rxf5 40. gxh6 Rxh6 41.
Rxh6+ gxh6 42. Rg8+ 1-0

[Event "VIII Festival B"]
[Site "Amantea ITA"]
[Date "2010.09.04"]
[Round "7"]
[White "Mercuri, Delia"]
[Black "Pelyushenko, Vladyslav"]
[Result "0-1"]
[WhiteElo "1499"]
[BlackElo "1771"]
[PlyCount "72"]
[EventDate "2010.08.29"]

1. e4 d6 2. d4 Nf6 3. Nc3 g6 4. h3 Bg7 5. Be3 O-O 6. Bd3 c6 7. Nge2 Nbd7 8. O-O
Qc7 9. Rb1 e5 10. f4 exd4 11. Nxd4 Nc5 12. f5 Nxd3 13. cxd3 a6 14. fxg6 hxg6
15. Qd2 Nh5 16. Rf3 b5 17. Rc1 Bb7 18. Nd5 Qd8 19. Bg5 Bxd4+ 20. Kh1 Qd7 21.
Ne7+ Kh7 22. Rcf1 f6 23. Nf5 gxf5 24. Bh4 f4 25. Bf2 Bxf2 26. Qxf2 Qg7 27. Rc1
Rg8 28. Rc2 Rae8 29. Qd4 Re5 30. Qxd6 Rg5 31. Rff2 Bc8 32. Rxc6 Kh8 33. Rc7 Qg6
34. Rxf4 Ng3+ 35. Kh2 Nf1+ 36. Rxf1 Rxg2+ 0-1

[Event "VIII Festival B"]
[Site "Amantea ITA"]
[Date "2010.09.04"]
[Round "7"]
[White "Michienzi, Marco"]
[Black "Vespe Roccomaria, Antonio"]
[Result "1-0"]
[WhiteElo "1434"]
[BlackElo "1329"]
[PlyCount "39"]
[EventDate "2010.08.29"]

1. d4 Nf6 2. g3 g6 3. Nf3 Bg7 4. Bg2 d6 5. O-O Nc6 6. Nc3 e5 7. dxe5 dxe5 8.
Qxd8+ Kxd8 9. Bg5 Ke7 10. Nd5+ Kf8 11. Nxf6 Bxf6 12. Bxf6 Bf5 13. Bxh8 Ke7 14.
Nxe5 Rxh8 15. Nxc6+ bxc6 16. Bxc6 Rb8 17. Ba4 Rxb2 18. Rfb1 Rxc2 19. Bxc2 Bxc2
20. Rb7 1-0

[Event "VIII Festival B"]
[Site "Amantea ITA"]
[Date "2010.09.04"]
[Round "7"]
[White "Pelyushenko, Anton"]
[Black "Paragliola, Gennaro"]
[Result "0-1"]
[WhiteElo "1845"]
[BlackElo "1598"]
[PlyCount "102"]
[EventDate "2010.08.29"]

1. Nf3 Nf6 2. g3 g6 3. Bg2 Bg7 4. d4 d5 5. Bf4 O-O 6. Nbd2 c6 7. a4 Na6 8. O-O
Nh5 9. Bg5 f5 10. Bf4 Nxf4 11. gxf4 Qb6 12. Nb3 Nc7 13. Rb1 Ne6 14. e3 Qd8 15.
Kh1 Kh8 16. Rg1 Rg8 17. h4 Bf6 18. Ng5 Qe8 19. Nxe6 Bxe6 20. Nc5 Bc8 21. Nd3
Bxh4 22. Qf3 Qf8 23. Ne5 Bf6 24. Qh3 Bxe5 25. dxe5 Be6 26. Bf3 Rg7 27. Rg2 Qf7
28. Rbg1 Rag8 29. b3 Bd7 30. Be2 e6 31. c3 c5 32. c4 dxc4 33. Bxc4 Bc6 34. f3
a6 35. Ra2 g5 36. Rag2 g4 37. Qh6 Rg6 38. Qh4 Bxf3 39. Rc1 Qg7 40. Kg1 Bxg2 41.
Kxg2 Rh6 42. Qg3 Qd7 43. Qe1 Qc6+ 44. e4 Qxe4+ 45. Qxe4 fxe4 46. Re1 g3 47. Rh1
Rxh1 48. Kxh1 Rg6 49. Kg2 h5 50. Bf1 h4 51. a5 Kg7 0-1

[Event "VIII Festival B"]
[Site "Amantea ITA"]
[Date "2010.09.04"]
[Round "7"]
[White "Salvaggio, Salvatore"]
[Black "Ielapi, Vito"]
[Result "1/2-1/2"]
[WhiteElo "1823"]
[BlackElo "1829"]
[PlyCount "127"]
[EventDate "2010.08.29"]

1. d4 d5 2. c4 e6 3. Nc3 c6 4. Nf3 Bd6 5. Qc2 Nd7 6. e4 dxe4 7. Nxe4 Bb4+ 8.
Bd2 Bxd2+ 9. Qxd2 Ndf6 10. Ng3 Ne7 11. Be2 O-O 12. O-O Qc7 13. Rad1 Ng6 14. Bd3
c5 15. Bxg6 hxg6 16. dxc5 Qxc5 17. Qc3 b6 18. b4 Qc7 19. Rd2 Ba6 20. Rc1 Rac8
21. Rdc2 Bb7 22. Ne5 Nd7 23. Nxd7 Qxd7 24. Qe3 Rfd8 25. f3 Qa4 26. Qb3 Qxb3 27.
axb3 Rd3 28. Rc3 Rcd8 29. R1c2 Kf8 30. Kf2 Ke7 31. Ke2 Rxc3 32. Rxc3 f5 33. Rd3
Rh8 34. h3 e5 35. Rd2 Ke6 36. Kf2 g5 37. Nf1 f4 38. Nh2 Re8 39. Ra2 a6 40. Rd2
Re7 41. Ke2 e4 42. fxe4 Bxe4 43. Nf3 Kf5 44. Kf2 g4 45. hxg4+ Kxg4 46. Rd6 Rb7
47. Nd2 Bc2 48. c5 bxc5 49. bxc5 a5 50. c6 Rc7 51. Nc4 Bxb3 52. Nxa5 Ba2 53.
Rd2 Be6 54. Rb2 g5 55. Rb7 Rc8 56. Re7 Kf5 57. c7 Kf6 58. Rh7 Bf5 59. Rh6+ Ke7
60. Nc6+ Kd7 61. Rf6 Be4 62. Nd4 Rxc7 63. Rf7+ Kc8 64. Rxc7+ 1/2-1/2

[Event "VIII Festival B"]
[Site "Amantea ITA"]
[Date "2010.09.04"]
[Round "7"]
[White "Scerra, Ezio"]
[Black "Lo Cascio, Marco"]
[Result "1/2-1/2"]
[WhiteElo "1419"]
[BlackElo "1593"]
[PlyCount "81"]
[EventDate "2010.08.29"]

1. c4 e6 2. e4 d5 3. cxd5 exd5 4. d3 dxe4 5. Qa4+ Nc6 6. Qxe4+ Be6 7. Bd2 Nd4
8. Kd1 Nc6 9. Nf3 Nf6 10. Qe1 h6 11. Rg1 Bc5 12. Nc3 O-O 13. Be2 Bf5 14. Qf1
Ng4 15. a3 Nxf2+ 16. Kc2 Ng4 17. h3 Bxg1 18. hxg4 Bxg4 19. Qxg1 Bxf3 20. gxf3
Nd4+ 21. Kd1 Nxe2 22. Kxe2 Re8+ 23. Ne4 Re6 24. Bc3 Rg6 25. Qf2 Qd5 26. Rg1 Rd8
27. d4 Qc4+ 28. Ke3 Rxg1 29. Qxg1 Qe6 30. Qg3 Rd5 31. Kd3 Qf5 32. Qg4 Qxg4 33.
fxg4 Kh7 34. Ke3 Kg6 35. Ng3 Kg5 36. Kf3 c6 37. Bd2+ Kg6 38. Ke4 Rb5 39. Bc3
Rd5 40. Nf5 Kf6 41. Ne3 1/2-1/2

[Event "VIII Festival B"]
[Site "Amantea ITA"]
[Date "2010.09.04"]
[Round "7"]
[White "Stoja, Rocco"]
[Black "Cicero, Angelo"]
[Result "1-0"]
[WhiteElo "1820"]
[BlackElo "1422"]
[PlyCount "117"]
[EventDate "2010.08.29"]

1. e4 e5 2. Nf3 Nc6 3. d4 exd4 4. Bc4 h6 5. c3 dxc3 6. O-O cxb2 7. Bxb2 f6 8.
Nd4 Nxd4 9. Qh5+ Ke7 10. Qf7+ Kd6 11. Bxd4 c6 12. e5+ Kc7 13. e6 Qe7 14. exd7
Bxd7 15. Qg6 Re8 16. Be3 Qd8 17. Nc3 Ne7 18. Qg3+ Kc8 19. Bxa7 Qc7 20. Qxc7+
Kxc7 21. Bf7 Ra8 22. Be3 g5 23. Rab1 Kc8 24. Rfc1 Nf5 25. Bb6 Nd6 26. Bb3 Bg7
27. Rd1 Ra6 28. Bc5 Nf5 29. Na4 Kc7 30. Ba3 Rd8 31. Bb2 b6 32. Rd2 c5 33. Nc3
Ne7 34. Ne4 Bf5 35. Rxd8 Kxd8 36. Rd1+ Kc7 37. Nxf6 Bxf6 38. Bxf6 Nc6 39. Bf7
g4 40. Bg7 h5 41. Bxh5 Rxa2 42. f3 gxf3 43. Bxf3 b5 44. g4 Be6 45. h4 b4 46. h5
b3 47. h6 Bg8 48. g5 Ne7 49. Be4 b2 50. h7 Bxh7 51. Bxh7 c4 52. Bc3 Kc6 53. Bb1
Ra8 54. Be4+ Kb5 55. Bxa8 Ka4 56. Bxb2 Kb3 57. Bf6 Ng6 58. Rb1+ Kc2 59. Be4+
1-0

[Event "VIII Festival B"]
[Site "Amantea ITA"]
[Date "2010.09.04"]
[Round "7"]
[White "Valotta, Massimiliano"]
[Black "Rametta, Marcello"]
[Result "1-0"]
[WhiteElo "1863"]
[BlackElo "1778"]
[PlyCount "99"]
[EventDate "2010.08.29"]

1. d4 d5 2. c4 c6 3. Nf3 Nf6 4. e3 e6 5. Bd3 Be7 6. O-O h6 7. Nc3 O-O 8. e4
dxe4 9. Nxe4 Nxe4 10. Bxe4 Nd7 11. h3 Nf6 12. Bc2 b5 13. b3 Bb7 14. c5 Nd5 15.
Qd3 f5 16. a3 Bf6 17. Re1 Qd7 18. g4 Rad8 19. g5 hxg5 20. Bxg5 Bxg5 21. Nxg5
Rfe8 22. Rad1 b4 23. axb4 Nxb4 24. Qc4 Nd5 25. Qd3 Bc8 26. Qf3 Qc7 27. Qh5 Nf6
28. Qg6 Re7 29. b4 Rde8 30. Bb3 Qf4 31. Bxe6+ Bxe6 32. Rxe6 Rxe6 33. Qf7+ Kh8
34. Nxe6 Qh6 35. h4 Rg8 36. Kg2 Rb8 37. Ng5 f4 38. Qxa7 f3+ 39. Kh3 Rf8 40.
Nf7+ Rxf7 41. Qxf7 Qf4 42. Qg6 Ne4 43. Rf1 Nd2 44. Rg1 Qxd4 45. Rg4 Qa1 46. Rg1
Qd4 47. Rg5 Qd7+ 48. Qf5 Qe7 49. Qc8+ Kh7 50. Rh5+ 1-0

[Event "VIII Festival B"]
[Site "Amantea ITA"]
[Date "2010.09.04"]
[Round "7"]
[White "Violi, Vincenzo"]
[Black "Mileo, Miguelito"]
[Result "1-0"]
[WhiteElo "1725"]
[BlackElo "1647"]
[PlyCount "51"]
[EventDate "2010.08.29"]

1. e4 c6 2. d4 d5 3. Nc3 dxe4 4. Nxe4 Nf6 5. Ng3 Bg4 6. Qd3 e6 7. h3 Bh5 8.
Nxh5 Qa5+ 9. c3 Qxh5 10. Bf4 Qg6 11. Nf3 Qxd3 12. Bxd3 Nbd7 13. O-O Be7 14.
Rfe1 h6 15. Ne5 O-O 16. Re2 Rfd8 17. Rae1 Nxe5 18. Bxe5 Ne8 19. Bc2 Bd6 20. f4
Bxe5 21. Rxe5 Rd5 22. Rxd5 cxd5 23. f5 Nc7 24. fxe6 fxe6 25. Rf1 Rf8 26. Bh7+
1-0

[Event "VIII Festival B"]
[Site "Amantea ITA"]
[Date "2010.09.04"]
[Round "7"]
[White "Zampaglione, Davide"]
[Black "Alagia, Pietro"]
[Result "1-0"]
[WhiteElo "1662"]
[BlackElo "1673"]
[PlyCount "97"]
[EventDate "2010.08.29"]

1. d4 d5 2. Nf3 g6 3. e3 Bg7 4. c4 c6 5. Bd3 Nf6 6. Nbd2 O-O 7. O-O Nbd7 8. b3
Re8 9. Bb2 Nf8 10. Ne5 Qc7 11. Ndf3 Ng4 12. Qc2 Nxe5 13. Nxe5 Be6 14. Rac1 f6
15. Nf3 Bf7 16. cxd5 Bxd5 17. e4 Bf7 18. d5 Bh6 19. Ra1 Rac8 20. dxc6 bxc6 21.
Bc4 Ne6 22. Nd4 Ng5 23. Bc1 Qe5 24. Bxg5 Bxg5 25. Nf3 Qa5 26. Nxg5 Qxg5 27.
Bxf7+ Kxf7 28. Rfd1 Rc7 29. Qd2 Qe5 30. Qd4 Qe6 31. Rac1 Kf8 32. Qc4 Qe5 33.
Rd2 Rec8 34. Rcd1 Qb5 35. Rd8+ Kg7 36. Qg8+ Kh6 37. Rxc8 Rxc8 38. Qxc8 Qe2 39.
Qh3+ Kg7 40. Qd3 Qxa2 41. h3 c5 42. g4 Qb2 43. h4 Qe5 44. Qe3 h5 45. g5 fxg5
46. hxg5 h4 47. Rc1 h3 48. Qc3 h2+ 49. Kh1 1-0

[Event "VIII Festival B"]
[Site "Amantea ITA"]
[Date "2010.09.05"]
[Round "8"]
[White "Carbone, Edoardo"]
[Black "Zampaglione, Francesco"]
[Result "1-0"]
[WhiteElo "1614"]
[BlackElo "1467"]
[PlyCount "121"]
[EventDate "2010.08.29"]

1. c4 e5 2. Nc3 d6 3. g3 Nf6 4. Bg2 c6 5. d3 Nbd7 6. Nf3 Qc7 7. O-O Be7 8. Bd2
O-O 9. Rb1 a6 10. b4 b5 11. cxb5 axb5 12. Qc2 Qb6 13. Be3 Qa6 14. Rfc1 Bb7 15.
h3 d5 16. d4 e4 17. Nd2 Nb6 18. f3 exf3 19. Bxf3 Ne4 20. Kg2 Nxc3 21. Qxc3 Qa3
22. Rb2 Qxc3 23. Rxc3 Ra4 24. a3 Rfa8 25. Rbb3 Nd7 26. Nb1 Nb6 27. Bf2 Nc4 28.
g4 Bc8 29. e3 f5 30. Bg3 fxg4 31. hxg4 Bg5 32. Bf2 Be6 33. Kg3 Bf7 34. e4 dxe4
35. Bxe4 Nd2 36. Nxd2 Bxd2 37. Rd3 Bxb3 38. Rxd2 Rxa3 39. Kf4 Bd5 40. Bxd5+
cxd5 41. Ke5 Rd8 42. Bh4 Re3+ 43. Kf4 Rf8+ 44. Kxe3 Re8+ 45. Kd3 Re4 46. Rg2
Kf7 47. Bd8 Rf4 48. Bg5 Rf3+ 49. Be3 Kg6 50. Rc2 h5 51. gxh5+ Kxh5 52. Rc5 Rf5
53. Rxb5 g5 54. Rb8 g4 55. Rg8 Kh4 56. b5 Rf7 57. Kc3 Rf3 58. Kd2 Rf7 59. b6
Rb7 60. Bf4 Rxb6 61. Rh8+ 1-0

[Event "VIII Festival B"]
[Site "Amantea ITA"]
[Date "2010.09.05"]
[Round "8"]
[White "Cicero, Angelo"]
[Black "Bevilacqua, Michele"]
[Result "0-1"]
[WhiteElo "1422"]
[BlackElo "1820"]
[PlyCount "54"]
[EventDate "2010.08.29"]

1. e4 d5 2. exd5 Nf6 3. Nc3 Nxd5 4. Nxd5 Qxd5 5. b3 Qe5+ 6. Be2 Qxa1 7. Nf3 e5
8. a4 Bc5 9. c3 Qa2 10. O-O e4 11. Ng5 Bf5 12. Bc4 O-O 13. Re1 Nc6 14. h3 Ne5
15. Bd5 Nd3 16. Re2 Qb1 17. Bxb7 Rab8 18. Bxe4 Qxc1 19. Qxc1 Nxc1 20. Re1 Nd3
21. Re2 Bxe4 22. Rxe4 Bxf2+ 23. Kf1 Rfe8 24. Re2 Rxe2 25. Kxe2 Bh4 26. Nf3 Nf4+
27. Kf1 Bg3 0-1

[Event "VIII Festival B"]
[Site "Amantea ITA"]
[Date "2010.09.05"]
[Round "8"]
[White "Dall'Aglio, Stefano"]
[Black "Grasso, Francesco"]
[Result "0-1"]
[WhiteElo "1380"]
[BlackElo "1488"]
[PlyCount "60"]
[EventDate "2010.08.29"]

1. e4 Nf6 2. Nc3 d5 3. d3 dxe4 4. dxe4 Qxd1+ 5. Kxd1 e5 6. Nf3 Bd6 7. Be3 O-O
8. g3 Ng4 9. Nb5 Nxe3+ 10. fxe3 Bg4 11. Be2 Bxf3 12. Bxf3 Nc6 13. Nxd6 cxd6 14.
Be2 a6 15. c4 Ne7 16. Rc1 Rfc8 17. b4 g6 18. c5 dxc5 19. bxc5 Nc6 20. Bg4 Rc7
21. Rf1 Nb4 22. Rf2 Nd3 23. Re2 Nxc1 24. Kxc1 Rxc5+ 25. Kb1 Rd8 26. Re1 b5 27.
Kb2 Rd2+ 28. Ka3 Rxh2 29. Rd1 a5 30. Rd7 Rc3# 0-1

[Event "VIII Festival B"]
[Site "Amantea ITA"]
[Date "2010.09.05"]
[Round "8"]
[White "Grudina, Marco"]
[Black "Caporale, Giuseppe Guido"]
[Result "1-0"]
[WhiteElo "1866"]
[BlackElo "1794"]
[PlyCount "128"]
[EventDate "2010.08.29"]

1. e4 c5 2. Nf3 d6 3. d4 cxd4 4. Nxd4 Nf6 5. Nc3 a6 6. Bg5 e6 7. f4 b5 8. Bd3
h6 9. Bh4 Be7 10. Qf3 Qc7 11. a3 Nbd7 12. Nb3 Bb7 13. Qe2 Rc8 14. O-O-O e5 15.
f5 O-O 16. g4 Nb6 17. g5 hxg5 18. Bxg5 d5 19. Bxf6 Bxf6 20. Rhg1 Rfd8 21. Rg3
Kf8 22. Na5 Ba8 23. Nb3 d4 24. Na2 Nc4 25. Kb1 a5 26. Rc1 Qb6 27. c3 Ne3 28.
cxd4 Rxc1+ 29. Nbxc1 exd4 30. Rh3 b4 31. Rh8+ Ke7 32. Rxd8 Kxd8 33. axb4 axb4
34. Nb3 Qd6 35. Qh5 Ke7 36. Qe2 Bg5 37. Qh5 Kf6 38. h4 Bf4 39. Qh8 Bc6 40. Qc8
g6 41. fxg6 fxg6 42. Qh8+ Ke7 43. Qh7+ Kd8 44. Qg8+ Kc7 45. Qg7+ Bd7 46. Qxd4
Qxd4 47. Nxd4 Bg3 48. Nxb4 Bxh4 49. Nf3 Be7 50. Nc2 Ng2 51. Ncd4 g5 52. Nf5 g4
53. Ne5 Bxf5 54. exf5 Nf4 55. Be4 g3 56. Ng6 Nxg6 57. fxg6 Bf6 58. Kc2 Kd6 59.
b4 Ke5 60. Kd3 Kd6 61. Ke3 Ke6 62. Kf4 Be5+ 63. Kg5 Bg7 64. b5 Bf6+ 1-0

[Event "VIII Festival B"]
[Site "Amantea ITA"]
[Date "2010.09.05"]
[Round "8"]
[White "Ielapi, Vito"]
[Black "Manfroi, Andrea"]
[Result "1-0"]
[WhiteElo "1829"]
[BlackElo "1703"]
[PlyCount "55"]
[EventDate "2010.08.29"]

1. d4 d5 2. Nf3 Nf6 3. e3 c5 4. c3 e6 5. Bd3 Be7 6. O-O O-O 7. Nbd2 Nc6 8. dxc5
Bxc5 9. Qe2 Qe7 10. e4 h6 11. b4 Bd6 12. a4 Ne5 13. Nxe5 Bxe5 14. Bb2 Qc7 15.
Nf3 dxe4 16. Bxe4 Nxe4 17. Qxe4 Bf6 18. Rad1 Bd7 19. b5 Rfd8 20. Rd2 Rac8 21.
Rc1 Qb6 22. c4 Bxb2 23. Rxb2 Bc6 24. Qf4 Bxf3 25. Qxf3 Qd4 26. Qe2 Rxc4 27.
Rxc4 Qd1+ 28. Qf1 1-0

[Event "VIII Festival B"]
[Site "Amantea ITA"]
[Date "2010.09.05"]
[Round "8"]
[White "Michienzi, Marco"]
[Black "Pelyushenko, Anton"]
[Result "0-1"]
[WhiteElo "1434"]
[BlackElo "1845"]
[PlyCount "98"]
[EventDate "2010.08.29"]

1. d4 d5 2. g3 Nf6 3. Nf3 g6 4. Bg2 Bg7 5. O-O O-O 6. Nc3 Re8 7. Bg5 Nbd7 8.
Ne5 c6 9. e3 Nxe5 10. dxe5 Ng4 11. e4 Nxe5 12. exd5 f6 13. Bf4 cxd5 14. Nxd5
Qd6 15. Re1 Rd8 16. Bxe5 fxe5 17. c4 Qc5 18. b4 Qd4 19. Qxd4 exd4 20. Nxe7+ Kf8
21. Nxc8 Raxc8 22. c5 b6 23. cxb6 axb6 24. Rad1 d3 25. Be4 d2 26. Rf1 Bh6 27.
Kg2 Rc1 28. Rxc1 dxc1=Q 29. Rxc1 Bxc1 30. a4 Rd4 31. Bc6 Rxb4 32. h3 Rb2 33.
Kf3 Rb3+ 34. Kg2 Ke7 35. Bb5 Rxb5 36. axb5 Kd6 37. f4 Kc5 38. g4 Kxb5 39. f5
gxf5 40. gxf5 Kc5 41. Kf3 Bb2 42. Ke3 b5 43. Kd3 b4 44. Kc2 Bf6 45. Kb3 h5 46.
Ka2 Kc4 47. Kb1 b3 48. Kc1 Kc3 49. Kb1 b2 0-1

[Event "VIII Festival B"]
[Site "Amantea ITA"]
[Date "2010.09.05"]
[Round "8"]
[White "Mileo, Miguelito"]
[Black "Mercuri, Delia"]
[Result "0-1"]
[WhiteElo "1647"]
[BlackElo "1499"]
[PlyCount "54"]
[EventDate "2010.08.29"]

1. d4 d5 2. Bf4 e6 3. e3 Nf6 4. Nf3 Nh5 5. Bg5 Be7 6. Bxe7 Qxe7 7. Bd3 O-O 8.
c3 f5 9. Nbd2 Nd7 10. O-O Nhf6 11. c4 c6 12. Rc1 Ne4 13. Ne5 Nxe5 14. dxe5 Qc7
15. f4 Qb6 16. Bxe4 Qxe3+ 17. Kh1 fxe4 18. c5 Rxf4 19. Rc3 Rxf1+ 20. Nxf1 Qg5
21. Rh3 Qg6 22. Rh5 Bd7 23. Ne3 Rf8 24. h4 Qg3 25. Ng4 Kh8 26. Qe2 Qd3 27. Qe3
Qd1+ 0-1

[Event "VIII Festival B"]
[Site "Amantea ITA"]
[Date "2010.09.05"]
[Round "8"]
[White "Paragliola, Gennaro"]
[Black "De Marinis, Marcello"]
[Result "1/2-1/2"]
[WhiteElo "1598"]
[BlackElo "1774"]
[PlyCount "87"]
[EventDate "2010.08.29"]

1. d4 Nf6 2. Bg5 Ne4 3. Bh4 d5 4. f3 g5 5. fxe4 gxh4 6. exd5 Qxd5 7. Nf3 Nc6 8.
e3 Bh6 9. Kf2 Qe4 10. Qd3 Bf5 11. Qxe4 Bxe4 12. c3 O-O-O 13. Nxh4 Rd6 14. Nd2
Rf6+ 15. Ke2 Bg6 16. Nxg6 fxg6 17. g3 Rhf8 18. Bh3+ Kd8 19. Raf1 Re8 20. Ne4
Rxf1 21. Rxf1 b6 22. g4 Rf8 23. Rxf8+ Bxf8 24. Ng5 e5 25. Nf7+ Ke7 26. Nxe5
Nxe5 27. dxe5 Ke6 28. Kd3 Kxe5 29. Bg2 Be7 30. Kc4 Bc5 31. e4 a6 32. a4 Bg1 33.
h3 Be3 34. b4 Bd2 35. Kb3 g5 36. c4 c6 37. b5 axb5 38. axb5 c5 39. Kc2 Bf4 40.
Kd3 Bg3 41. Ke3 Bh2 42. Bf1 Bg1+ 43. Kf3 Kd4 44. Be2 1/2-1/2

[Event "VIII Festival B"]
[Site "Amantea ITA"]
[Date "2010.09.05"]
[Round "8"]
[White "Pelyushenko, Vladyslav"]
[Black "Barca, Lorenzo"]
[Result "1/2-1/2"]
[WhiteElo "1771"]
[BlackElo "1524"]
[PlyCount "96"]
[EventDate "2010.08.29"]

1. d4 d5 2. Nf3 Nf6 3. c4 c6 4. Nc3 e6 5. Bg5 Nbd7 6. e3 Qa5 7. Nd2 Bb4 8. Qc2
O-O 9. a3 c5 10. Bd3 cxd4 11. Bxf6 Nxf6 12. exd4 Bd7 13. O-O Bxc3 14. bxc3 h6
15. a4 Rac8 16. Rfb1 Qc7 17. c5 e5 18. f3 Rfe8 19. Qb2 e4 20. fxe4 dxe4 21. Bc4
Qf4 22. Nf1 Bc6 23. Qe2 Nd5 24. Bxd5 Bxd5 25. Ne3 Bc6 26. Rf1 Qg5 27. Rf5 Qg6
28. Raf1 Re7 29. a5 Bd7 30. Nd5 Rce8 31. Nxe7+ Rxe7 32. R5f4 e3 33. d5 Re5 34.
h4 Bh3 35. Kh2 Rxd5 36. Kxh3 Rd2 37. Qf3 e2 38. Re1 Rd3 39. Rxe2 Rxf3+ 40. Rxf3
Qc6 41. Re7 f6 42. Rg3 g5 43. Rd3 Kf8 44. Rdd7 Qxc5 45. Rf7+ Ke8 46. hxg5 Qf5+
47. Kh2 Qe5+ 48. Kg1 Qe1+ 1/2-1/2

[Event "VIII Festival B"]
[Site "Amantea ITA"]
[Date "2010.09.05"]
[Round "8"]
[White "Rametta, Marcello"]
[Black "Zampaglione, Davide"]
[Result "0-1"]
[WhiteElo "1778"]
[BlackElo "1662"]
[PlyCount "62"]
[EventDate "2010.08.29"]

1. e4 d6 2. Bc4 e5 3. Nf3 Be7 4. h3 Nf6 5. d3 Nbd7 6. c3 h6 7. Be3 c6 8. Nbd2
Qc7 9. Qb3 O-O 10. Nh4 b5 11. Ng6 Nb6 12. Bxb5 cxb5 13. Nxf8 Kxf8 14. Qxb5 Rb8
15. Qa5 Bd8 16. Qa3 Be7 17. Qb3 Nbd5 18. Qc2 Nxe3 19. fxe3 Ba6 20. b3 Nh5 21.
Kf2 Bh4+ 22. g3 Nxg3 23. Rhg1 Nxe4+ 24. Kf3 Nxc3 25. Ne4 Bb7 26. Qg2 f5 27. Qg6
fxe4+ 28. Kg4 Qe7 29. Raf1+ Kg8 30. Kh5 Bc6 31. Qg2 Be8+ 0-1

[Event "VIII Festival B"]
[Site "Amantea ITA"]
[Date "2010.09.05"]
[Round "8"]
[White "Serratore, Vincenzo"]
[Black "Carbone, Stefano"]
[Result "1-0"]
[WhiteElo "1881"]
[BlackElo "1885"]
[PlyCount "97"]
[EventDate "2010.08.29"]

1. d4 Nf6 2. Nf3 g6 3. e3 Bg7 4. Bd3 O-O 5. O-O d6 6. Qe2 Nbd7 7. e4 e5 8. d5
h6 9. c4 a5 10. a4 Nc5 11. Bc2 Nfd7 12. Be3 f5 13. exf5 gxf5 14. Nc3 b6 15.
Rad1 Na6 16. Ne1 Ndc5 17. Nd3 Nxd3 18. Bxd3 Qh4 19. f3 Bd7 20. g3 Qf6 21. Qd2
Rae8 22. Be2 Qg6 23. Kh1 Kh8 24. Rg1 Rg8 25. Bd3 Qh5 26. Be2 Qg6 27. Rg2 Ref8
28. Rdg1 Nb4 29. f4 exf4 30. Bxf4 Qf6 31. g4 Kh7 32. g5 hxg5 33. Bxg5 Qd4 34.
Qc1 f4 35. Bg4 Bxg4 36. Rxg4 Nd3 37. Qc2 Rf5 38. Rh4+ Kg6 39. Bh6+ Kf7 40.
Rxg7+ Rxg7 41. Bxg7 Nf2+ 42. Kg2 Rg5+ 43. Kf1 Qe3 44. Bh6 Rg1+ 45. Kxg1 Nd3+
46. Kf1 Qf3+ 47. Kg1 Qe3+ 48. Kh1 Nf2+ 49. Qxf2 1-0

[Event "VIII Festival B"]
[Site "Amantea ITA"]
[Date "2010.09.05"]
[Round "8"]
[White "Vesce, Emanuele"]
[Black "Stoja, Rocco"]
[Result "1-0"]
[WhiteElo "1735"]
[BlackElo "1820"]
[PlyCount "97"]
[EventDate "2010.08.29"]

1. d4 Nf6 2. Nf3 g6 3. Nc3 d5 4. Bf4 Nh5 5. Bg5 Bg7 6. Qd2 O-O 7. Bh6 c6 8.
Bxg7 Nxg7 9. h4 Qc7 10. Ne5 f6 11. Nf3 b5 12. e3 e5 13. dxe5 fxe5 14. Ng5 e4
15. O-O-O a5 16. Bxb5 Qe5 17. Ba4 h6 18. f4 Qf6 19. Nh3 Ra7 20. Nf2 h5 21. Rdg1
Na6 22. g4 Nc5 23. gxh5 gxh5 24. Rg5 Rb7 25. Rhg1 Nxa4 26. Nxa4 Kh7 27. Qc3
Qxc3 28. Nxc3 Bf5 29. Ne2 Kh6 30. Nd4 Rf6 31. b3 c5 32. Ne2 Ne6 33. Ng3 Ng7 34.
Ne2 Rd7 35. c3 Rg6 36. Kb2 Rxg5 37. Rxg5 Rd6 38. Ng3 Rf6 39. Ka3 Be6 40. Ka4
Bd7+ 41. Kxa5 Bc6 42. Rxg7 Kxg7 43. Nxh5+ Kg6 44. Nxf6 Kxf6 45. Kb6 d4 46. cxd4
cxd4 47. Kxc6 Kf5 48. Nxe4 dxe3 49. Nc3 1-0

[Event "VIII Festival B"]
[Site "Amantea ITA"]
[Date "2010.09.05"]
[Round "8"]
[White "Vespe Roccomaria, Antonio"]
[Black "Alagia, Pietro"]
[Result "0-1"]
[WhiteElo "1329"]
[BlackElo "1673"]
[PlyCount "72"]
[EventDate "2010.08.29"]

1. d4 d5 2. c4 c6 3. Nc3 g6 4. e4 dxe4 5. Nxe4 Bg7 6. d5 cxd5 7. cxd5 Nf6 8.
Nxf6+ Bxf6 9. Bb5+ Bd7 10. Bxd7+ Nxd7 11. Qe2 Qa5+ 12. Qd2 Qxd2+ 13. Bxd2 O-O
14. Nf3 Nc5 15. Bb4 Nd3+ 16. Ke2 Nxb4 17. Rhd1 Rfd8 18. Rac1 b6 19. a3 Nxd5 20.
Rd3 Nf4+ 21. Ke3 Nxd3 22. Nd2 Nxc1 23. Nc4 Bg5+ 24. Kf3 Rd4 25. Ne5 Rc8 26. g3
Rc2 27. b4 Bf6 28. Ng4 Rdd2 29. Kg2 Bd4 30. Kh3 Bxf2 31. Kg2 Nd3 32. Kf3 Re2
33. Kg2 f5 34. Nxf2 Nxf2 35. Kf1 Nd3 36. b5 Re1# 0-1

[Event "VIII Festival B"]
[Site "Amantea ITA"]
[Date "2010.09.05"]
[Round "8"]
[White "Violi, Vincenzo"]
[Black "Salvaggio, Salvatore"]
[Result "1-0"]
[WhiteElo "1725"]
[BlackElo "1823"]
[PlyCount "73"]
[EventDate "2010.08.29"]

1. e4 c5 2. Nf3 e6 3. d4 cxd4 4. Nxd4 Nf6 5. Nc3 d6 6. g3 Be7 7. Bg2 a6 8. O-O
O-O 9. Be3 Qc7 10. f4 Bd7 11. h3 Nc6 12. g4 Nxd4 13. Bxd4 Bc6 14. g5 Nd7 15.
Qg4 e5 16. Be3 exf4 17. Rxf4 Ne5 18. Qh5 Ng6 19. Rf2 b5 20. Nd5 Bxd5 21. exd5
Qc4 22. Bf1 Qe4 23. Re1 Rae8 24. Bg2 Qc4 25. c3 Qh4 26. Qxh4 Nxh4 27. Rfe2 Nxg2
28. Kxg2 f5 29. Bb6 Kf7 30. h4 h6 31. g6+ Kxg6 32. Rxe7 Rc8 33. R1e6+ Rf6 34.
Bd4 Rxe6 35. Rxg7+ Kh5 36. dxe6 b4 37. e7 1-0